|
|
|
|
| LEADER |
00000nam0a2200000 4500 |
| 001 |
309208 |
| 005 |
20231102002152.0 |
| 020 |
|
|
|a RU
|b 82-60088
|
| 035 |
|
|
|a (RuTPU)RU\TPU\book\334530
|
| 090 |
|
|
|a 309208
|
| 100 |
|
|
|a 20151111d1981 km y0rusy5003 ca
|
| 101 |
0 |
|
|a rus
|
| 102 |
|
|
|a RU
|
| 105 |
|
|
|a y z 100zy
|
| 200 |
1 |
|
|a Проблемы формирования и развития региональных социально-экономических систем "город-село" в республиках и областях Нечерноземной зоны РСФСР
|e материалы конференции
|f Мордовский государственный университет им. Н. П. Огарева ; под ред. А. И. Сухарев ; под ред. А. И. Сухарева
|
| 210 |
|
|
|a Саранск
|c Изд-во МГУ
|d 1981
|
| 215 |
|
|
|a 431 с.
|
| 606 |
1 |
|
|a Экономика
|y Россия
|y Центр Европейской части
|2 stltpush
|3 (RuTPU)RU\TPU\subj\64429
|9 81327
|
| 610 |
1 |
|
|a нечерноземная зона
|
| 610 |
1 |
|
|a деревня
|
| 610 |
1 |
|
|a города
|
| 610 |
1 |
|
|a РСФСР
|
| 610 |
1 |
|
|a социально-экономические системы
|
| 610 |
1 |
|
|a области
|
| 610 |
1 |
|
|a республики
|
| 610 |
1 |
|
|a агропромышленные комплексы
|
| 610 |
1 |
|
|a интеграция
|
| 610 |
1 |
|
|a перспективы
|
| 610 |
1 |
|
|a конференции
|
| 686 |
|
|
|a У9(2Р34)л0
|2 rubbk
|
| 702 |
|
1 |
|a Сухарев
|b А. И.
|g Александр Иванович
|4 340
|
| 702 |
|
1 |
|a Сухарев
|b А. И.
|4 340
|
| 712 |
0 |
2 |
|a Мордовский государственный университет им. Н. П. Огарева
|c (Саранск)
|2 stltpush
|3 (RuTPU)RU\TPU\col\6661
|9 24254
|
| 801 |
|
0 |
|a RU
|b RuMRKP
|c 19950704
|g psbo
|
| 801 |
|
1 |
|a RU
|b 63413507
|c 20151111
|
| 801 |
|
2 |
|a RU
|b 63413507
|c 20190912
|g RCR
|
| 942 |
|
|
|c BK
|